000 00685nam a2200253 i 4500
001 C2-0268981
003 PPAK
005 20180727235744.0
008 060808s2005 cc a|||| ||||| | chi d
020 _a7536534639
040 _aPPAK
_beng
_cPPAK
_erda
082 0 4 _a741.5
_223
090 0 0 _a741.5
_bGIM
_dK
245 0 0 _aGi miao de feng wo
264 1 _aBeijing :
_bSi Chan Shao Nian ,
_c2005
300 _a[42 pages] :
_billustrations ;
_c21 cm
336 _2rdacontent
_atext
337 _2rdamedia
_aunmediated
338 _2rdacarrier
_avolume
490 1 _aThe magic school bus
650 1 0 _aComic books, strips, etc.
830 0 _aThe magic school bus
942 _ddc
_cB
999 _c77715
_d77715